000 00678nam a2200217Ia 4500
005 20230114121443.0
008 131103s9999 xx 000 0 und d
040 _aLoreto College
041 _aEnglish
082 _a954
_bBAS
100 _aBasham,A.L.
245 4 _aThe wonder that was India
_b A survey of the culture of the Indian sub-continent before the coming of the Muslims.
_cA.L. Basham
260 _aLondon
_bSidgwick and Jackson
_c1954
300 _axxi, 566 p.
_b Maps, ill. plates
504 _aIncludes bibliographical references and index
630 _aIndia - History
650 _aHistory
651 _aCultural history
850 _aLCLIB
942 _cBK
999 _c784
_d51263